000 00641nam a2200193 a 4500
001 000008335
005 20200929161328.0
008 090916s1987 dr a 000 0 spa d
040 _aDO-SdBNP
_bspa
_cBNPHU
082 _a001.4
_bD566a
100 1 _aDietsch G., Gladys
_922511
245 1 0 _aAnteproyecto y tesis :
_bbases fundamentales /
_cGladys Dietsch G.
260 _aSanto Domingo :
_bTaller,
_c1987.
300 _a51 p. ;
_c23 cm.
590 _aInventariado, 2019/MFF
650 4 _aInvestigación científica
_xMetodología
_910
650 4 _aTesis y disertaciones academicas
_vMANUALES
_922512
910 _aValidado. Control de calidad MFF
999 _c8106
_d8106